00696nam a2200241 a 4500001001300000003000900013005001700022008004100039020001000080082002100090100001500111245001800126260006200144300000900206500003500215505001700250650002100267700001500288902000800303942000700311952012100318999001500439nice12345678IN_TiNIC20260116011748.0050524s0000 hyda grp 000 0 urd  ac10000a891.4391092bMAL aRam, Malik aZikr-E-Ghaleb aHyderabadbInst.Of Indo-Middle East Cultural Studiec0000 a279p aincludes index and biblioraphy2 abibliography aGhalib-Biography1 aRam, Malik bSRS cBK 001040708StackRoom-aHMIbHMId2013-07-10g100.00l0o891.4391092 MALp09419r2013-07-10v100.00w2005-05-24yBK c3771d3771